All Međimurje County settlements - Statistics

General Stats
  • This quiz has been taken 168 times
    157 since last reset
  • The average score is 60 of 131
Answers on the Map
Answers color-coded by a green-red scale on the quiz's map according to % correct below.
 
Answer Stats
Answer % Correct
Čakovec
94%
Nedelišće
88%
Prelog
88%
Kotoriba
81%
Šenkovec
81%
Strahoninec
81%
Sveti Martin na Muri
81%
Belica
75%
Ivanovec
75%
Mursko Središće
75%
Pribislavec
75%
Pušćine
75%
Donja Dubrava
69%
Gardinovec
69%
Gornji Hrašćan
69%
Mala Subotica
69%
Mihovljan
69%
Novo Selo Rok
69%
Orehovica
69%
Parag
69%
Štrigova
69%
Brezje
63%
Dekanovec
63%
Domašinec
63%
Donji Kraljevec
63%
Donji Mihaljevec
63%
Dunjkovec
63%
Goričan
63%
Gornji Mihaljevec
63%
Palinovec
63%
Palovec
63%
Podturen
63%
Savska Ves
63%
Štefanec
63%
Sveta Marija
63%
Trnovec
63%
Donji Vidovec
56%
Draškovec
56%
Držimurec
56%
Gornji Kuršanec
56%
Hodošan
56%
Krištanovec
56%
Kuršanec
56%
Lopatinec
56%
Mačkovec
56%
Otok
56%
Pretetinec
56%
Sivica
56%
Totovec
56%
Badličan
50%
Črečan
50%
Gornja Dubrava
50%
Macinec
50%
Novakovec
50%
Selnica
50%
Slemenice
50%
Sveti Križ
50%
Vratišinec
50%
Žiškovec
50%
Cirkovljan
44%
Čukovec
44%
Donji Hrašćan
44%
Dragoslavec
44%
Dragoslavec Breg
44%
Dragoslavec Selo
44%
Gornji Kraljevec
44%
Miklavec
44%
Novo Selo na Dravi
44%
Oporovec
44%
Peklenica
44%
Piškorovec
44%
Slakovec
44%
Strelec
44%
Sveti Juraj u Trnju
44%
Banfi
38%
Čehovec
38%
Čestijanec
38%
Donji Koncovčak
38%
Donji Pustakovec
38%
Ferketinec
38%
Frkanovec
38%
Gornji Koncovčak
38%
Hemuševec
38%
Knezovec
38%
Mali Mihaljevec
38%
Pleškovec
38%
Podbrest
38%
Prhovec
38%
Štrukovec
38%
Turčišće
38%
Vularija
38%
Zasadbreg
38%
Zebanec Selo
38%
Bukovec
31%
Celine
31%
Hlapičina
31%
Križovec
31%
Lapšina
31%
Marof
31%
Merhatovec
31%
Prekopa
31%
Preseka
31%
Robadje
31%
Šandorovec
31%
Sveti Urban
31%
Vučetinec
31%
Vugrišinec
31%
Žabnik
31%
Železna Gora
31%
Brezovec
25%
Donji Zebanec
25%
Grabrovnik
25%
Jurovec
25%
Okrugli Vrh
25%
Toplice Sveti Martin
25%
Bogdanovec
19%
Gornji Zebanec
19%
Grkaveščak
19%
Jalšovec
19%
Jurovčak
19%
Kapelščak
19%
Stanetinec
19%
Tupkovec
19%
Vukanovec
19%
Gradiščak
13%
Leskovec
13%
Martinuševec
13%
Plešivica
13%
Praporčan
13%
Vrhovljan
13%
Zaveščak
6%
No matching quizzes found
Score Distribution
Percent of People with Each Score
Percentile by Number Answered
Your Score History
You have not taken this quiz since the last reset